000
00209nam a22000977a 4500
999
_c
16235
_d
16235
003
OSt
008
200625b ||||| |||| 00| 0 eng d
100
_a
dev
_9
4634
245
_a
Theranjedutha kathakal
942
_c
BK